[Event "Vienna op"]
[Site "Vienna"]
[Date "1995.??.??"]
[Round "1"]
[White "Balogh, Bela"]
[Black "Eingorn, Vereslav S"]
[Result "0-1"]
[WhiteElo "2220"]
[BlackElo "2600"]
[PlyCount "86"]
[EventDate "1995.??.??"]
[EventType "swiss"]
[EventRounds "9"]
[EventCountry "AUT"]
[SourceTitle "EXT 1998"]
[Source "ChessBase"]
[SourceDate "1997.11.17"]
[SourceVersion "1"]
[SourceVersionDate "1997.11.17"]
[SourceQuality "1"]

1. d4 Nf6 2. Nf3 e6 3. Bf4 b6 4. Nbd2 Bb7 5. e3 h6 6. h3 Bd6 7. Bxd6 cxd6 8. Bd3 d5 9. 0-0 0-0 10. c4 Nc6 11. Rc1 dxc4 12. Nxc4 d6 13. Qd2 Rc8 14. Rfe1 b5 15. Na3 a6 16. Nc2 Qb6 17. e4 Ne7 18. e5 Nd7 19. Qf4 dxe5 20. Nxe5 Nxe5 21. Qxe5 Rfd8 22. Rcd1 Qd6 23. Ne3 Kf8 24. Bb1 Rc7 25. a3 Bd5 26. Nxd5 Nxd5 27. g3 Rcd7 28. Rd3 Ne7 29. Rf3 Nc6 30. Qe4 Nxd4 31. Rf4 Qd5 32. Qe3 Kg8 33. Re4 Nf5 34. Qf4 Qd2 35. Qg4 Qxb2 36. R4e2 Qf6 37. Qb4 Nd4 38. Re3 Nf3+ 39. Rxf3 Qxf3 40. Be4 Qf6 41. Qc5 g6 42. Bc6 Rd3 43. Be4 Qc3 0-1

[Event "HUN-chT"]
[Site "Hungary"]
[Date "1995.??.??"]
[Round "?"]
[White "Balogh, Bela"]
[Black "Petran, Peter"]
[Result "1-0"]
[WhiteElo "2225"]
[BlackElo "2420"]
[PlyCount "113"]
[EventDate "1995.??.??"]
[EventType "team"]
[EventRounds "13"]
[EventCountry "HUN"]
[SourceTitle "EXT 1997"]
[Source "ChessBase"]
[SourceDate "1996.11.15"]
[SourceVersion "1"]
[SourceVersionDate "1996.11.15"]
[SourceQuality "1"]

1. d4 g6 2. c4 Bg7 3. Nc3 c5 4. d5 f5 5. Nf3 Nf6 6. g3 d6 7. Bg2 Na6 8. 0-0 0-0 9. Bf4 Nh5 10. Rc1 Nxf4 11. gxf4 Nc7 12. b3 Rb8 13. e3 a6 14. Qd3 b5 15. Nd2 Kh8 16. Kh1 Bd7 17. Rg1 Ne8 18. Bf3 Nf6 19. Rg2 Qa5 20. Rc2 Qb4 21. h4 bxc4 22. Nxc4 Bb5 23. Ne2 a5 24. h5 Nxh5 25. Bxh5 gxh5 26. Ng3 Be8 27. Nxf5 Bf6 28. Rc1 Bg6 29. Rcg1 a4 30. Rxg6 hxg6 31. Nxe7 g5 32. Ng6+ Kg7 33. Nxf8 Rxf8 34. fxg5 Be5 35. f4 Bxf4 36. exf4 Rxf4 37. Qe3 Rh4+ 38. Kg2 Rg4+ 39. Kf3 axb3 40. Qe7+ Kg8 41. Re1 Qc3+ 42. Re3 bxa2 43. Qd8+ Kg7 44. Qc7+ Kg6 45. Qxd6+ Kxg5 46. Rxc3 a1Q 47. Qe5+ Kg6 48. Ne3 Rg5 49. Qe6+ Kg7 50. Rxc5 Qh1+ 51. Ke2 Rg2+ 52. Nxg2 Qxg2+ 53. Kd3 Qf1+ 54. Kd4 Qa1+ 55. Rc3 Qb2 56. Qe5+ Kg6 57. Kc5 1-0

[Event "HUN-chT"]
[Site "Hungary"]
[Date "1995.??.??"]
[Round "?"]
[White "Balogh, Bela"]
[Black "Sinkovics, Peter"]
[Result "0-1"]
[WhiteElo "2225"]
[BlackElo "2410"]
[PlyCount "94"]
[EventDate "1995.??.??"]
[EventType "team"]
[EventRounds "13"]
[EventCountry "HUN"]
[SourceTitle "EXT 1997"]
[Source "ChessBase"]
[SourceDate "1996.11.15"]
[SourceVersion "1"]
[SourceVersionDate "1996.11.15"]
[SourceQuality "1"]

1. d4 Nf6 2. Nf3 g6 3. Bf4 Bg7 4. e3 0-0 5. Be2 d6 6. h3 Nbd7 7. 0-0 Qe8 8. Bh2 e5 9. c4 Ne4 10. Qc2 f5 11. Nc3 Nxc3 12. bxc3 Qe7 13. Nd2 g5 14. Rae1 Nf6 15. c5 g4 16. cxd6 cxd6 17. h4 Nh5 18. Qb3+ Kh8 19. Qa3 Qc7 20. Nc4 Rd8 21. Rd1 Be6 22. d5 Bf7 23. e4 f4 24. g3 Bg6 25. gxf4 exf4 26. e5 f3 27. exd6 Qc8 28. Bd3 Bxd3 29. Rxd3 Qxc4 30. Rfd1 Nf4 31. Bxf4 Qxf4 32. Qc1 Qxc1 33. Rxc1 Rxd6 34. c4 Rad8 35. a4 b6 36. Re1 Rh6 37. Kh2 Bf6 38. Kg3 Bxh4+ 39. Kxg4 Bxf2 40. Rf1 Rh4+ 41. Kg5 Rg8+ 42. Kf5 Rf8+ 43. Ke6 Re4+ 44. Kd7 Rf7+ 45. Kc6 Rxc4+ 46. Kd6 Bg3+ 47. Ke6 Rcf4 0-1

[Event "Budapest FS02 IM-A"]
[Site "Budapest"]
[Date "1995.??.??"]
[Round "3"]
[White "Vajda, Levente"]
[Black "Balogh, Bela"]
[Result "1-0"]
[WhiteElo "2320"]
[BlackElo "2225"]
[PlyCount "103"]
[EventDate "1995.02.??"]
[EventType "tourn"]
[EventRounds "11"]
[EventCountry "HUN"]
[EventCategory "2"]
[SourceTitle "CBM 046 Extra"]
[Source "ChessBase"]
[SourceDate "1995.07.01"]
[SourceVersion "1"]
[SourceVersionDate "1995.07.01"]
[SourceQuality "1"]

1. e4 c5 2. c3 d5 3. exd5 Qxd5 4. d4 e6 5. Nf3 Nf6 6. Bd3 Nc6 7. 0-0 Be7 8. Be3 cxd4 9. cxd4 0-0 10. Nc3 Qd6 11. a3 b6 12. Qe2 Bb7 13. Rad1 Rac8 14. Bb1 Nb8 15. Bg5 Ba6 16. Qc2 Nbd7 17. Ne5 g6 18. Rfe1 Rfe8 19. Qa4 Bb7 20. Ba2 Nd5 21. Nb5 Bc6 22. Nxd6 Bxa4 23. Nxc8 Bxg5 24. Nd6 Nxe5 25. dxe5 Bxd1 26. Nxe8 Ba4 27. Bxd5 Bxe8 28. Ba8 Ba4 29. g3 a5 30. Kg2 Be7 31. Rc1 Bc5 32. b4 axb4 33. axb4 Bd4 34. f4 Kg7 35. Rc7 g5 36. Bc6 Bxc6+ 37. Rxc6 gxf4 38. gxf4 Kg6 39. Kf3 Bg1 40. h3 Kf5 41. Rc7 Kg6 42. Ke4 h6 43. Rc6 Kg7 44. f5 exf5+ 45. Kxf5 Be3 46. h4 Bf2 47. h5 Be3 48. b5 Bf2 49. e6 fxe6+ 50. Rxe6 Bd4 51. Rg6+ Kh7 52. Ke6 1-0

[Event "HUN-chT 9394"]
[Site "Hungary"]
[Date "1994.??.??"]
[Round "?"]
[White "Balogh, Bela"]
[Black "Boros, Daniel"]
[Result "1-0"]
[WhiteElo "2235"]
[BlackElo "2255"]
[PlyCount "89"]
[EventDate "1993.??.??"]
[EventType "team"]
[EventRounds "13"]
[EventCountry "HUN"]
[SourceTitle "TD"]
[Source "ChessBase"]
[SourceDate "1994.03.01"]
[SourceVersion "1"]
[SourceVersionDate "1994.03.01"]
[SourceQuality "1"]

1. d4 Nf6 2. Nf3 g6 3. Bf4 Bg7 4. e3 d6 5. h3 0-0 6. Be2 Nbd7 7. c4 b6 8. Nc3 Bb7 9. 0-0 e6 10. Qc2 Qe7 11. Rfd1 h6 12. Rab1 e5 13. dxe5 Nxe5 14. Nxe5 dxe5 15. Bh2 Ne8 16. b4 f5 17. Nd5 Bxd5 18. Rxd5 c6 19. Rd3 Nd6 20. c5 Nc8 21. cxb6 Nxb6 22. Qxc6 Qg5 23. Bxe5 Rac8 24. Qe6+ Kh7 25. h4 Qxh4 26. Rd7 Nxd7 27. Qxd7 Rg8 28. Bxg7 Rcd8 29. Bf6+ Rxd7 30. Bxh4 Rd2 31. Bc4 Rc8 32. Bb3 g5 33. Bg3 Rf8 34. Rc1 f4 35. exf4 gxf4 36. Bh4 Rd7 37. Rc6 f3 38. Bc2+ Kg7 39. Rg6+ Kf7 40. Rxh6 Rd2 41. Rc6 Rd4 42. Bb3+ Kg7 43. Bg3 Re8 44. gxf3 Rxb4 45. Rc7+ 1-0

[Event "HUN-chT 9394"]
[Site "Hungary"]
[Date "1994.??.??"]
[Round "?"]
[White "Balogh, Bela"]
[Black "Czebe, Attila"]
[Result "1/2-1/2"]
[WhiteElo "2235"]
[BlackElo "2355"]
[PlyCount "80"]
[EventDate "1993.??.??"]
[EventType "team"]
[EventRounds "13"]
[EventCountry "HUN"]
[SourceTitle "TD"]
[Source "ChessBase"]
[SourceDate "1994.03.01"]
[SourceVersion "1"]
[SourceVersionDate "1994.03.01"]
[SourceQuality "1"]

1. d4 e6 2. Nf3 c5 3. c3 Nc6 4. Bf4 cxd4 5. Nxd4 d6 6. Nb3 e5 7. Bg3 Nf6 8. N1d2 Bf5 9. e3 Be7 10. Be2 0-0 11. 0-0 Rc8 12. a4 d5 13. Nf3 Bd6 14. Bh4 Qe7 15. Bxf6 Qxf6 16. Qxd5 Rfd8 17. Qd1 Nb4 18. Nbd2 Bc2 19. Qc1 e4 20. Nd4 Bd3 21. Qd1 Bxe2 22. Qxe2 Nd3 23. Nxe4 Bxh2+ 24. Kxh2 Qh4+ 25. Kg1 Qxe4 26. Rfd1 Ne5 27. f3 Qg6 28. e4 a6 29. Nf5 Qf6 30. Rxd8+ Rxd8 31. Rd1 g6 32. Ne3 Rxd1+ 33. Qxd1 Qb6 34. Qd4 Qf6 35. Nc4 Qh4 36. Qxe5 Qe1+ 37. Kh2 Qh4+ 38. Kg1 Qe1+ 39. Kh2 Qh4+ 40. Kg1 Qe1+ 1/2-1/2

[Event "Budapest FS05 IM"]
[Site "Budapest"]
[Date "1994.??.??"]
[Round "6"]
[White "Balogh, Bela"]
[Black "Hoang, Thanh Trang"]
[Result "0-1"]
[WhiteElo "2235"]
[BlackElo "2260"]
[PlyCount "86"]
[EventDate "1994.05.??"]
[EventType "tourn"]
[EventRounds "13"]
[EventCountry "HUN"]
[EventCategory "2"]
[SourceTitle "EXT 1997"]
[Source "ChessBase"]
[SourceDate "1996.11.15"]
[SourceVersion "1"]
[SourceVersionDate "1996.11.15"]
[SourceQuality "1"]

1. d4 d5 2. Nf3 Nf6 3. Bf4 c5 4. e3 Qb6 5. Qc1 Nc6 6. c3 Bf5 7. Be2 e6 8. 0-0 Rc8 9. Nbd2 cxd4 10. exd4 Be7 11. Rd1 0-0 12. Nf1 Ne4 13. Ng3 Nxg3 14. Bxg3 Rfd8 15. Rd2 Qa5 16. Qf1 a6 17. a4 Qb6 18. b4 a5 19. b5 Nb8 20. Qc1 Bb4 21. cxb4 Rxc1+ 22. Rxc1 e5 23. Bxe5 Re8 24. Bc7 Qh6 25. bxa5 Bg4 26. Rdc2 Nd7 27. Kf1 Qe6 28. b6 h5 29. Ng1 Bf5 30. Rc3 Qf6 31. Nf3 h4 32. Ne5 h3 33. g3 Qe7 34. Bb5 f6 35. Nxd7 Bxd7 36. Re3 Bxb5+ 37. axb5 Qd7 38. Rb3 Qg4 39. Re1 Rxe1+ 40. Kxe1 Qe4+ 41. Kd2 Qxd4+ 42. Kc2 Qxf2+ 43. Kb1 Qe1+ 0-1

[Event "Budapest FS02 IM-B"]
[Site "Budapest"]
[Date "1994.??.??"]
[Round "2"]
[White "Balogh, Bela"]
[Black "Pavasovic, Dusko"]
[Result "1-0"]
[WhiteElo "2235"]
[BlackElo "2320"]
[PlyCount "117"]
[EventDate "1994.02.??"]
[EventType "tourn"]
[EventRounds "11"]
[EventCountry "HUN"]
[EventCategory "3"]
[SourceTitle "EXT 1997"]
[Source "ChessBase"]
[SourceDate "1996.11.15"]
[SourceVersion "1"]
[SourceVersionDate "1996.11.15"]
[SourceQuality "1"]

1. d4 Nf6 2. Nf3 c5 3. c3 b6 4. Bf4 Bb7 5. e3 g6 6. Bc4 Bg7 7. dxc5 bxc5 8. Qb3 Bxf3 9. Bxf7+ Kf8 10. gxf3 e6 11. Bxe6 dxe6 12. Qxe6 Ne8 13. Nd2 Qb6 14. Qe4 Qc6 15. Qc4 Nd7 16. Ne4 Ne5 17. Bxe5 Bxe5 18. 0-0-0 Kg7 19. Nxc5 Rc8 20. Rd8 Nd6 21. Ne6+ Kf7 22. Ng5+ Ke7 23. Qxc6 Rxc6 24. Rxh8 Bxh8 25. Nxh7 Rc5 26. h4 Rh5 27. Ng5 Bf6 28. f4 Nf5 29. Ne4 Bxh4 30. Rg1 Kf7 31. b4 Be7 32. Kd2 Rh8 33. a4 Nd6 34. Nxd6+ Bxd6 35. Rg5 Rd8 36. Kc2 Rc8 37. Kb3 Be7 38. Ra5 Rc7 39. e4 Bf6 40. c4 Rd7 41. c5 Bd4 42. Ra6 Bxf2 43. e5 Re7 44. Kc4 Bg3 45. Kd5 Rd7+ 46. Ke4 Kg7 47. f5 gxf5+ 48. Kxf5 Rf7+ 49. Ke6 Kf8 50. Kd5 Rd7+ 51. Rd6 Re7 52. Rf6+ Kg7 53. Re6 Kf7 54. Rxe7+ Kxe7 55. b5 Be1 56. Kc6 Bc3 57. Kb7 Bd4 58. c6 Bxe5 59. c7 1-0

[Event "Budapest FS05 IM"]
[Site "Budapest"]
[Date "1994.??.??"]
[Round "4"]
[White "Balogh, Bela"]
[Black "Piankov, Evgenij"]
[Result "1-0"]
[WhiteElo "2235"]
[BlackElo "2440"]
[PlyCount "101"]
[EventDate "1994.05.??"]
[EventType "tourn"]
[EventRounds "13"]
[EventCountry "HUN"]
[EventCategory "2"]
[SourceTitle "EXT 1997"]
[Source "ChessBase"]
[SourceDate "1996.11.15"]
[SourceVersion "1"]
[SourceVersionDate "1996.11.15"]
[SourceQuality "1"]

1. d4 Nf6 2. Nf3 g6 3. Bf4 Bg7 4. e3 c5 5. c3 b6 6. Bc4 d6 7. dxc5 dxc5 8. Qxd8+ Kxd8 9. Ne5 Ke8 10. Bxf7+ Kf8 11. Bc4 e6 12. Nd2 Nh5 13. Ndf3 Nxf4 14. exf4 Nd7 15. Nxd7+ Bxd7 16. 0-0-0 Ke7 17. Rhe1 Bf6 18. Ne5 Bxe5 19. Rxe5 Rhf8 20. g3 Rf6 21. h4 Rc8 22. h5 gxh5 23. Rxh5 h6 24. Re5 Rh8 25. Rde1 Kd6 26. Be2 Rf5 27. Bg4 Rxe5 28. Rxe5 Ke7 29. Kd2 Kf6 30. Ke3 Bc8 31. Be2 Rd8 32. Rh5 Kg7 33. g4 Bd7 34. g5 hxg5 35. fxg5 Be8 36. Rh1 Bf7 37. Rd1 Rf8 38. Rd7 Kg6 39. f4 e5 40. Bd3+ Kh5 41. fxe5 Kxg5 42. Rxa7 Bh5 43. Rg7+ Kh6 44. Rg3 Ra8 45. a3 Rf8 46. Be4 Rf1 47. Bf3 Bxf3 48. Rxf3 Re1+ 49. Kf4 Kg6 50. Rd3 Kf7 51. Rd7+ 1-0

[Event "Budapest FS05 IM"]
[Site "Budapest"]
[Date "1994.??.??"]
[Round "11"]
[White "Balogh, Bela"]
[Black "Piven, Igor"]
[Result "0-1"]
[WhiteElo "2235"]
[BlackElo "2340"]
[PlyCount "84"]
[EventDate "1994.05.??"]
[EventType "tourn"]
[EventRounds "13"]
[EventCountry "HUN"]
[EventCategory "2"]
[SourceTitle "EXT 1997"]
[Source "ChessBase"]
[SourceDate "1996.11.15"]
[SourceVersion "1"]
[SourceVersionDate "1996.11.15"]
[SourceQuality "1"]

1. d4 f5 2. Nf3 Nf6 3. g3 e6 4. Bg2 d5 5. 0-0 Bd6 6. b3 Qe7 7. Bb2 0-0 8. c4 c6 9. Nbd2 b6 10. Rc1 Bb7 11. Ne5 a5 12. Ndf3 c5 13. e3 Na6 14. Nd3 Nb4 15. dxc5 bxc5 16. a3 Nxd3 17. Qxd3 a4 18. Rfd1 Ba6 19. bxa4 Rfd8 20. Be5 Ne4 21. Bxd6 Nxd6 22. Ne5 Rac8 23. Qc3 Bxc4 24. Nxc4 Nxc4 25. a5 Nd6 26. Rb1 c4 27. Rb6 Ra8 28. Rdb1 Nc8 29. Rb7 Qf6 30. Qb4 Qe5 31. Qc5 Qd6 32. Qd4 Rd7 33. Qc3 Qc6 34. Rb8 Rda7 35. R1b6 Qd7 36. Qb4 h6 37. a6 Kh7 38. R6b7 Rxb8 39. Rxb8 Rxa6 40. Qf8 Rc6 41. Qb4 Qd6 42. Qb7 Rb6 0-1

[Event "Budapest FS05 IM"]
[Site "Budapest"]
[Date "1994.??.??"]
[Round "13"]
[White "Balogh, Bela"]
[Black "Stillger, Bernhard"]
[Result "0-1"]
[WhiteElo "2235"]
[BlackElo "2195"]
[PlyCount "102"]
[EventDate "1994.05.??"]
[EventType "tourn"]
[EventRounds "13"]
[EventCountry "HUN"]
[EventCategory "2"]
[SourceTitle "EXT 1997"]
[Source "ChessBase"]
[SourceDate "1996.11.15"]
[SourceVersion "1"]
[SourceVersionDate "1996.11.15"]
[SourceQuality "1"]

1. d4 Nf6 2. Nf3 d5 3. Bf4 e6 4. e3 Be7 5. Bd3 Nbd7 6. Nbd2 b6 7. Ne5 Nxe5 8. Bxe5 c5 9. c3 a5 10. Qe2 0-0 11. 0-0 Bb7 12. Rad1 Qc8 13. Bxf6 Bxf6 14. f4 Ba6 15. Nf3 Be7 16. Kh1 Bxd3 17. Rxd3 c4 18. Rd2 f5 19. Ne5 Bf6 20. g4 Bxe5 21. dxe5 g6 22. Rg1 Kh8 23. Rg3 b5 24. Qg2 Qb7 25. Rd1 b4 26. Rg1 bxc3 27. bxc3 Rab8 28. gxf5 Rxf5 29. h3 Qb2 30. Rxg6 hxg6 31. Qxg6 Qb7 32. Qxe6 Qf7 33. Qd6 Re8 34. Rg6 Rh5 35. Kh2 d4 36. Rh6+ Rxh6 37. Qxh6+ Kg8 38. exd4 Re6 39. Qg5+ Rg6 40. Qd8+ Kg7 41. Qh4 Qb7 42. Qf2 Rb6 43. Kg3 Rg6+ 44. Kh2 Rb6 45. Kg3 Rb2 46. Qf3 Qxf3+ 47. Kxf3 Rxa2 48. Ke4 Rd2 49. Kd5 a4 50. Kxc4 a3 51. Kb3 a2 0-1

[Event "Budapest FS02 IM-B"]
[Site "Budapest"]
[Date "1994.??.??"]
[Round "9"]
[White "Balogh, Bela"]
[Black "Williams, Simon Kim"]
[Result "0-1"]
[WhiteElo "2235"]
[BlackElo "2180"]
[PlyCount "112"]
[EventDate "1994.02.??"]
[EventType "tourn"]
[EventRounds "11"]
[EventCountry "HUN"]
[EventCategory "3"]
[SourceTitle "EXT 1997"]
[Source "ChessBase"]
[SourceDate "1996.11.15"]
[SourceVersion "1"]
[SourceVersionDate "1996.11.15"]
[SourceQuality "1"]

1. d4 e6 2. Nf3 f5 3. g3 Nf6 4. Bg2 Be7 5. 0-0 0-0 6. c4 d6 7. Nc3 a5 8. Re1 Ne4 9. Qc2 Nxc3 10. Qxc3 c6 11. e4 d5 12. a3 dxe4 13. Ne5 Bb4 14. axb4 axb4 15. Rxa8 bxc3 16. bxc3 Nd7 17. Nxd7 Qxd7 18. Bf4 Qf7 19. Bd6 Re8 20. f3 exf3 21. Bxf3 h6 22. h4 Kh7 23. c5 g5 24. hxg5 hxg5 25. g4 fxg4 26. Bxg4 Qg6 27. Ra2 e5 28. Rh2+ Kg8 29. Bh5 Qd3 30. Bxe8 Qg3+ 31. Kf1 Qf3+ 32. Kg1 Qg3+ 33. Kf1 Qxh2 34. Rxe5 Bh3+ 35. Ke1 Qg2 36. Be7 Qf1+ 37. Kd2 Bf5 38. Bh5 Qd3+ 39. Ke1 Qxc3+ 40. Kf1 Qh3+ 41. Kf2 Qh4+ 42. Ke3 Qe1+ 43. Kf3 Qf1+ 44. Kg3 Qf4+ 45. Kg2 Be4+ 46. Kg1 Qg3+ 47. Kf1 Bd3+ 48. Be2 Qf3+ 49. Ke1 Bxe2 50. Rxe2 g4 51. Bd6 g3 52. Re8+ Kg7 53. Re7+ Kg6 54. Kd2 g2 55. Bh2 Qf2+ 56. Kd3 Qh4 0-1

[Event "Budapest FS05 IM"]
[Site "Budapest"]
[Date "1994.??.??"]
[Round "3"]
[White "Vadasz, Laszlo"]
[Black "Balogh, Bela"]
[Result "1-0"]
[WhiteElo "2365"]
[BlackElo "2235"]
[PlyCount "101"]
[EventDate "1994.05.??"]
[EventType "tourn"]
[EventRounds "13"]
[EventCountry "HUN"]
[EventCategory "2"]
[SourceTitle "EXT 1997"]
[Source "ChessBase"]
[SourceDate "1996.11.15"]
[SourceVersion "1"]
[SourceVersionDate "1996.11.15"]
[SourceQuality "1"]

1. Nf3 d5 2. g3 Nf6 3. Bg2 Bf5 4. c4 c6 5. cxd5 Nxd5 6. 0-0 e6 7. d4 Be7 8. Nbd2 Nb6 9. b3 h6 10. Bb2 0-0 11. e4 Bh7 12. Qe2 N8d7 13. Rfe1 a5 14. a3 Qb8 15. Rad1 Rd8 16. Nc4 Bf8 17. Nfe5 Nxc4 18. Nxd7 Rxd7 19. bxc4 Qc7 20. Rc1 Qb6 21. c5 Qd8 22. Qc4 Bg6 23. Red1 Rc8 24. Bf3 h5 25. h4 b5 26. Qe2 b4 27. axb4 axb4 28. Bxh5 Bxh5 29. Qxh5 Ra8 30. Qe2 Ra2 31. Rb1 Qa5 32. Qc4 Rb7 33. Qb3 Rb8 34. Kg2 Ra4 35. Rbc1 Qb5 36. Rc4 Ra5 37. Rd3 Qb7 38. Rd1 Be7 39. Rb1 Rb5 40. Bc1 e5 41. Be3 exd4 42. Bxd4 Qd7 43. Be3 Qa7 44. h5 Bxc5 45. Rxc5 Rxc5 46. Rc1 Rxc1 47. Bxa7 Rb5 48. h6 Rc3 49. h7+ Kxh7 50. Qxf7 Rg5 51. Qe7 1-0

[Event "HUN-chT"]
[Site "Hungary"]
[Date "1993.??.??"]
[Round "?"]
[White "Balogh, Bela"]
[Black "Donka, Peter"]
[Result "1/2-1/2"]
[WhiteElo "2230"]
[BlackElo "2255"]
[PlyCount "26"]
[EventDate "1993.??.??"]
[EventType "team"]
[EventRounds "13"]
[EventCountry "HUN"]
[SourceTitle "TD"]
[Source "ChessBase"]
[SourceDate "1994.03.01"]
[SourceVersion "1"]
[SourceVersionDate "1994.03.01"]
[SourceQuality "1"]

1. d4 d5 2. Nf3 Bf5 3. Bf4 e6 4. e3 Nf6 5. Nbd2 Bd6 6. Bg3 0-0 7. c4 c5 8. cxd5 exd5 9. dxc5 Bxc5 10. Rc1 Qb6 11. Be2 a5 12. 0-0 a4 13. Ne5 Nbd7 1/2-1/2

[Event "Budapest FS10 IM-A"]
[Site "Budapest"]
[Date "1993.??.??"]
[Round "5"]
[White "Balogh, Bela"]
[Black "Vajda, Albert"]
[Result "1-0"]
[WhiteElo "2255"]
[BlackElo "2180"]
[PlyCount "117"]
[EventDate "1993.10.??"]
[EventType "tourn"]
[EventRounds "11"]
[EventCountry "HUN"]
[EventCategory "2"]
[SourceTitle "EXT 1997"]
[Source "ChessBase"]
[SourceDate "1996.11.15"]
[SourceVersion "1"]
[SourceVersionDate "1996.11.15"]
[SourceQuality "1"]

1. d4 Nf6 2. Nf3 c5 3. c3 b6 4. Bf4 Bb7 5. e3 d6 6. Bc4 Qc7 7. Qb3 e6 8. Nbd2 Be7 9. Bb5+ Nbd7 10. a4 a6 11. Bc4 0-0 12. 0-0 Bc6 13. Rfe1 Qb7 14. Bf1 Rad8 15. Qc2 Ne4 16. Nxe4 Bxe4 17. Qe2 Ra8 18. Nd2 Bg6 19. g4 d5 20. Bg3 f5 21. f3 Qc6 22. h4 h6 23. h5 Bf7 24. Bh3 Kh8 25. Kh1 Nf6 26. Be5 Nh7 27. f4 Qe8 28. Rg1 Bf6 29. gxf5 Bxh5 30. Bg4 Bf7 31. fxe6 Bxe6 32. Bxe6 Qxe6 33. Qg4 Qf7 34. Raf1 b5 35. a5 b4 36. Nf3 Rac8 37. Nh4 Rfd8 38. Nf5 Rc6 39. Bxf6 Rxf6 40. Qxg7+ Qxg7 41. Nxg7 cxd4 42. cxd4 Rc8 43. Nh5 Re6 44. Rg3 Rce8 45. Rc1 Nf6 46. Nxf6 Rxf6 47. Kg2 Rb8 48. Rc5 Rb5 49. Rc8+ Kh7 50. Rc7+ Kh8 51. Rcg7 Rb8 52. Kf3 b3 53. Rd7 Rb5 54. Rd8+ Kh7 55. Rd7+ Kh8 56. Rdg7 Rb8 57. R7g6 Rbf8 58. Rxf6 Rxf6 59. e4 1-0

[Event "HUN-chT"]
[Site "Hungary"]
[Date "1993.??.??"]
[Round "?"]
[White "Balogh, Bela"]
[Black "Varga, Peter"]
[Result "0-1"]
[WhiteElo "2220"]
[BlackElo "2315"]
[PlyCount "102"]
[EventDate "1993.??.??"]
[EventType "team"]
[EventRounds "13"]
[EventCountry "HUN"]
[SourceTitle "TD"]
[Source "ChessBase"]
[SourceDate "1994.03.01"]
[SourceVersion "1"]
[SourceVersionDate "1994.03.01"]
[SourceQuality "1"]

1. d4 d5 2. Nf3 Nf6 3. Bf4 c5 4. e3 Qb6 5. Qc1 Nc6 6. c3 Bf5 7. Be2 e6 8. 0-0 Rc8 9. Nbd2 Be7 10. Rd1 h6 11. Nf1 Ne4 12. Ng3 Nxg3 13. Bxg3 c4 14. Nd2 0-0 15. Bf3 Rfd8 16. e4 Bg6 17. Re1 Bg5 18. h4 Bxd2 19. Qxd2 dxe4 20. Bxe4 Bxe4 21. Rxe4 Qa5 22. Qe2 b5 23. f3 Qa6 24. Rg4 Rd5 25. Bf4 h5 26. Rg3 Ne7 27. Be5 g6 28. Rg5 Kf8 29. g4 Ng8 30. gxh5 f6 31. Rxg6 fxe5 32. Qg2 Ne7 33. Rf6+ Ke8 34. h6 exd4 35. h7 Rh5 36. Re1 Rxh7 37. Rexe6 Qxa2 38. Qg8+ Kd7 39. Qxh7 Rg8+ 40. Rg6 Rxg6+ 41. Rxg6 Qb1+ 42. Kf2 Qxg6 43. Qxg6 Nxg6 44. h5 Nf4 45. h6 dxc3 46. bxc3 Ke6 47. Ke3 Ng6 48. Kd4 a5 49. Kc5 a4 50. Kb4 Kf5 51. h7 Kf4 0-1

[Event "Budapest Spring op 09th"]
[Site "Budapest"]
[Date "1993.??.??"]
[Round "9"]
[White "Biro, Sandor"]
[Black "Balogh, Bela"]
[Result "1-0"]
[WhiteElo "2305"]
[BlackElo "2220"]
[PlyCount "133"]
[EventDate "1993.03.??"]
[EventType "swiss"]
[EventRounds "9"]
[EventCountry "HUN"]
[SourceTitle "EXT 1998"]
[Source "ChessBase"]
[SourceDate "1997.11.17"]
[SourceVersion "1"]
[SourceVersionDate "1997.11.17"]
[SourceQuality "1"]

1. e4 c5 2. Nf3 e6 3. c3 d5 4. exd5 Qxd5 5. d4 Nf6 6. Be2 Be7 7. 0-0 0-0 8. Ne5 Nc6 9. Bf3 Qd6 10. Bf4 Nxe5 11. dxe5 Qxd1 12. Rxd1 Nd5 13. Bxd5 exd5 14. Rxd5 Be6 15. Rd1 Rfd8 16. Nd2 Rd7 17. Ne4 Rad8 18. Rxd7 Rxd7 19. f3 f5 20. exf6 gxf6 21. a3 f5 22. Ng3 Bd6 23. Bxd6 Rxd6 24. Re1 Kf7 25. Kf2 Bd7 26. Re5 Rd2+ 27. Re2 Rd5 28. Ke3 Bb5 29. Rf2 Kg6 30. Kf4 Bc4 31. h4 h6 32. Rc2 b5 33. b4 cxb4 34. axb4 Rd7 35. Rc1 Rd2 36. Nxf5 Rxg2 37. Rd1 h5 38. Rd6+ Kf7 39. Rd7+ Kf6 40. Rxa7 Rc2 41. Ra6+ Kf7 42. Nd6+ Ke7 43. Ne4 Rh2 44. Kg5 Be2 45. Ng3 Bxf3 46. Rb6 Rc2 47. Nf5+ Kd7 48. Nd4 Rg2+ 49. Kf4 Bd1 50. Nxb5 Rg4+ 51. Ke5 Ba4 52. Rd6+ Kc8 53. Nd4 Rxh4 54. b5 Rxd4 55. Kxd4 Bxb5 56. Kc5 Bd7 57. Rh6 Bg4 58. Kb6 Kd7 59. c4 Ke7 60. c5 Kf7 61. c6 Kg7 62. Rd6 Bf5 63. c7 Bc8 64. Ka7 h4 65. Kb8 Bf5 66. c8Q Bxc8 67. Kxc8 1-0

[Event "HUN-chT"]
[Site "Hungary"]
[Date "1993.??.??"]
[Round "?"]
[White "Borsi, Imre"]
[Black "Balogh, Bela"]
[Result "1/2-1/2"]
[WhiteElo "2230"]
[BlackElo "2220"]
[PlyCount "21"]
[EventDate "1993.??.??"]
[EventType "team"]
[EventRounds "13"]
[EventCountry "HUN"]
[SourceTitle "TD"]
[Source "ChessBase"]
[SourceDate "1994.03.01"]
[SourceVersion "1"]
[SourceVersionDate "1994.03.01"]
[SourceQuality "1"]

1. d4 Nf6 2. c4 g6 3. Nc3 Bg7 4. e4 d6 5. f3 e5 6. d5 Nh5 7. Be3 0-0 8. Bd3 f5 9. Qd2 Nf4 10. Bc2 Qg5 11. Kf1 1/2-1/2

[Event "Budapest FS10 IM-A"]
[Site "Budapest"]
[Date "1993.??.??"]
[Round "1"]
[White "Estrada Nieto, Julian"]
[Black "Balogh, Bela"]
[Result "1/2-1/2"]
[WhiteElo "2230"]
[BlackElo "2255"]
[PlyCount "43"]
[EventDate "1993.10.??"]
[EventType "tourn"]
[EventRounds "11"]
[EventCountry "HUN"]
[EventCategory "2"]
[SourceTitle "EXT 1997"]
[Source "ChessBase"]
[SourceDate "1996.11.15"]
[SourceVersion "1"]
[SourceVersionDate "1996.11.15"]
[SourceQuality "1"]

1. e4 c5 2. Nf3 Nc6 3. Bb5 g6 4. 0-0 Bg7 5. c3 Nf6 6. Re1 a6 7. Bxc6 dxc6 8. d3 0-0 9. h3 Qc7 10. Be3 c4 11. e5 Nd5 12. dxc4 Nxe3 13. Rxe3 Be6 14. Nd4 Bxc4 15. Nd2 c5 16. Nxc4 Rad8 17. Rd3 cxd4 18. Rxd4 Rxd4 19. Qxd4 Rd8 20. Qb6 Qxb6 21. Nxb6 Bxe5 22. Nc4 1/2-1/2

[Event "HUN-chT"]
[Site "Hungary"]
[Date "1993.??.??"]
[Round "?"]
[White "Horvath, Peter"]
[Black "Balogh, Bela"]
[Result "1-0"]
[WhiteElo "2380"]
[BlackElo "2220"]
[PlyCount "91"]
[EventDate "1993.??.??"]
[EventType "team"]
[EventRounds "13"]
[EventCountry "HUN"]
[SourceTitle "TD"]
[Source "ChessBase"]
[SourceDate "1994.03.01"]
[SourceVersion "1"]
[SourceVersionDate "1994.03.01"]
[SourceQuality "1"]

1. d4 Nf6 2. Nf3 g6 3. c4 Bg7 4. g3 0-0 5. Bg2 d6 6. Nc3 Nc6 7. 0-0 a6 8. d5 Na5 9. Nd2 c5 10. Qc2 Rb8 11. b3 b5 12. Bb2 e5 13. Nd1 Nh5 14. e3 Bf5 15. e4 Bd7 16. f4 f6 17. Bf3 Bh6 18. Bxh5 gxh5 19. Rf2 Bh3 20. Ne3 Rb7 21. Nf5 Bxf5 22. exf5 Rg7 23. Kh1 Rg4 24. Rg1 Nb7 25. Ne4 Qe8 26. h3 Rg7 27. fxe5 dxe5 28. Qe2 Kh8 29. Rfg2 Qf7 30. Rd1 h4 31. g4 Qe8 32. g5 fxg5 33. f6 Rg6 34. Rf1 Rf7 35. Rf5 Qd7 36. Qf3 Nd6 37. Nxd6 Qxd6 38. Bxe5 Qd7 39. Bb2 bxc4 40. bxc4 Rg8 41. Re5 Re8 42. Rxe8+ Qxe8 43. Re2 Qf8 44. Re7 Kg8 45. d6 Qc8 46. d7 1-0